000 00328nam a2200133Ia 4500
008 240624s9999 xx 000 0 und d
041 _aeng
082 _a005.133 DEV
100 _aVRIES ANDRIE DE
245 _aR PROGRAMMING FOR DUMMIES
260 _c2014
_aNew Delhi
_bWiley
300 _a387 , p. , 28 : cm.
365 _cRS
_b33
999 _c26411
_d26411